Guess the Lyrics #31 - Statistics

General Stats
  • This quiz has been taken 2,037 times
  • The average score is 306 of 544
Answer Stats
Lyrics % Correct
I
99%
a
96%
you
92%
You
92%
the
90%
an
81%
me
80%
to
78%
When
78%
And
72%
and
72%
In
71%
in
71%
it
70%
hear
69%
is
69%
my
69%
on
69%
your
67%
Your
67%
can
61%
no
61%
No
61%
like
59%
Like
59%
there
59%
there)
59%
are
57%
want
53%
I'm
52%
of
51%
what
50%
feel
47%
It's
46%
take
45%
have
44%
call
42%
not
42%
Just
41%
name
41%
You're
41%
know
40%
down
38%
Life
37%
I'll
36%
(I'll
36%
voice
36%
with
35%
prayer
33%
prayer,
33%
knees
32%
little
32%
Oh
32%
(Oh,
32%
(Oh
32%
oh)
32%
oh-oh-oh
32%
dream
31%
feels
30%
Feels
30%
home
30%
Out
29%
think
28%
angel
27%
here
27%
midnight
27%
eyes
26%
hour
26%
Now
25%
Like a Prayer - Madonna
24%
sing
24%
power
23%
alone
22%
Everyone
22%
mystery
22%
stand
22%
must
21%
Heaven,
20%
help
20%
close
19%
God,
19%
Let
19%
yeah)
19%
yeah,
19%
yeah
19%
choice
18%
end
18%
seem
17%
sky
17%
falling
15%
flying
14%
sighing
14%
whisper
14%
beginning
13%
child
12%
choir
10%
dancing
10%
softly
10%
control
8%
muse
5%
No matching quizzes found
Score Distribution
Percent of People with Each Score
Percentile by Number Answered
Your Score History
You have not taken this quiz